000 01309cam a2200313 a 4500
001 16096275
003 ARRUPE
005 20131106165711.0
008 100218s2010 tnu bd 000 0 eng
010 _a 2010006878
020 _a9781426702310 (trade pbk. : alk. paper)
020 _a1426702310 (trade pbk. : alk. paper)
035 _a(OCoLC)ocn522429442
040 _aDLC
_cDLC
_dYDX
_dYDXCP
_dLTS
_dJET
_dCOI
_dLML
_dDLC
050 0 0 _aBV4005.5
_b.C66 2010
082 0 0 _a253.5
_222
245 0 4 _aThe concise dictionary of pastoral care and counseling /
_cedited by Glenn H. Asquith, Jr.
246 3 0 _aDictionary of pastoral care and counseling
260 _aNashville, TN :
_bAbingdon Press,
_cc2010.
300 _axviii, 254 p. ;
_c23 cm.
504 _aIncludes bibliographical references.
505 0 _aDefinitions -- History and biography -- Issues of power and difference -- Interfaith issues and methods -- Clinical method -- Pastoral theological method.
650 0 _aPastoral care
_vDictionaries.
_93428
650 0 _aPastoral counseling
_vDictionaries.
_93429
700 1 _aAsquith, Glenn H.,
_d1946-
_93430
906 _a7
_bcbc
_corignew
_d1
_eecip
_f20
_gy-gencatlg
942 _2lcc
_cMONOGRAPH
999 _c118561
_d118561